Statistics for World Capitals Closest to Moroni - One Minute Sprint

Click here to take the quiz!

General Stats

  • This quiz has been taken 19 times
  • The average score is 14 of 20

Answer Stats

kmcapitalmiles% Correct
1362Nairobi846
88%
1787Kampala1110
82%
969Victoria1559
82%
1029Dodoma640
76%
1664Lusaka1034
76%
1934Maputo1202
76%
1549Mogadishu963
76%
1811Kigali1125
71%
1059Lilongwe658
71%
2219Pretoria1379
71%
919Antananarivo571
65%
2593Djibouti1611
65%
2323Gaborone1444
65%
1735Gitega1078
65%
1481Harare920
65%
2553Maseru1586
65%
1790Port Louis1112
65%
2063Mbabane1282
53%
2357Addis Ababa1464
47%
2252Juba1399
35%

Score Distribution

Percentile by Number Answered

Percent of People with Each Score

Your Score History

You have not taken this quiz